| 000 | 00780nam a2200241 a 4500 | ||
|---|---|---|---|
| 005 | 20240924070248.0 | ||
| 008 | 081118s2006 mx r 000 0 spa d | ||
| 020 | _a8449318483 | ||
| 035 | _aUPN01000167999 | ||
| 049 | _aCG | ||
| 050 | 4 |
_aBD420 _bT3.3 |
|
| 100 | 1 |
_aTaylor, Charles, _d1931- |
|
| 245 | 1 | 0 |
_aFuentes del yo : _bla construcción de la identidad moderna / _cCharles Taylor ; tr. Ana Lizón. |
| 260 |
_aBarcelona, Esp. : _bPaidós, _c2006. |
||
| 300 | _a795 p. | ||
| 440 | 0 |
_aPaidós surcos ; _v21 |
|
| 534 |
_pTitulo original: _tSources of the self. The making of the modern identity |
||
| 650 | 4 |
_aYO, EL (FILOSOFIA) _98267 |
|
| 650 | 4 |
_aCivilización moderna _98265 |
|
| 650 | 4 |
_aAntropología filosófica _94784 |
|
| 650 | 4 |
_aÉtica _912720 |
|
| 905 | _aLibro | ||
| 999 |
_c140108 _d140108 |
||